[Event "Plunge op-A 41st"]
[Site "Plateliai"]
[Date "2022.07.21"]
[Round "6"]
[White "Balciunaite, Jore"]
[Black "Skierus, Algimantas"]
[Result "0-1"]
[WhiteElo "1355"]
[BlackElo "1847"]
[PlyCount "45"]
[EventDate "2022.07.18"]
[EventType "swiss"]
[EventRounds "9"]
[EventCountry "LTU"]
[SourceTitle "CBM 209 Extra"]
[Source "ChessBase"]
[SourceDate "2022.09.30"]
[SourceVersion "1"]
[SourceVersionDate "2022.09.30"]
[SourceQuality "1"]

1. e4 c5 2. Nf3 e6 3. c3 d5 4. exd5 exd5 5. Bb5+ Nc6 6. Bxc6+ bxc6 7. d4 Ba6 8. Ne5 Qc7 9. Nd3 cxd4 10. cxd4 Bd6 11. h3 Qe7+ 12. Be3 Qe4 13. Ke2 Ne7 14. f3 Qg6 15. g4 Rb8 16. b3 h5 17. Nc3 hxg4 18. fxg4 f5 19. gxf5 Nxf5 20. Bf2 Ng3+ 21. Bxg3 Qxg3 22. Rc1 Rf8 23. Rf1 0-1

[Event "Plunge op-A 41st"]
[Site "Plateliai"]
[Date "2022.07.18"]
[Round "1"]
[White "Skierus, Algimantas"]
[Black "Meskauskas, Kristupas"]
[Result "1-0"]
[WhiteElo "1847"]
[BlackElo "1243"]
[PlyCount "39"]
[EventDate "2022.07.18"]
[EventType "swiss"]
[EventRounds "9"]
[EventCountry "LTU"]
[SourceTitle "CBM 209 Extra"]
[Source "ChessBase"]
[SourceDate "2022.09.30"]
[SourceVersion "1"]
[SourceVersionDate "2022.09.30"]
[SourceQuality "1"]

1. d4 b6 2. e4 e6 3. Nc3 Bb7 4. Nf3 Bb4 5. Bd3 Nf6 6. Qe2 d5 7. Bg5 h6 8. Bxf6 Qxf6 9. e5 Qe7 10. 0-0 Qd7 11. Nd1 0-0 12. Ne3 Be7 13. c3 c5 14. Rac1 Nc6 15. Bb1 cxd4 16. cxd4 Nb4 17. Qd2 Ba6 18. Rfd1 h5 19. a3 Nc6 20. Qc2 1-0

[Event "Plunge op 40th"]
[Site "Plateliai"]
[Date "2020.07.13"]
[Round "1"]
[White "Sakalauskas, Vaidas"]
[Black "Skierus, Algimantas"]
[Result "1-0"]
[WhiteElo "2335"]
[BlackElo "1901"]
[PlyCount "47"]
[EventDate "2020.07.13"]
[EventType "swiss"]
[EventRounds "9"]
[EventCountry "LTU"]
[SourceTitle "CBM 197 Extra"]
[Source "ChessBase"]
[SourceDate "2020.09.30"]
[SourceVersion "1"]
[SourceVersionDate "2020.09.30"]
[SourceQuality "1"]

1. d4 Nf6 2. c4 g6 3. Nc3 d5 4. Bf4 Bg7 5. e3 0-0 6. Nf3 c5 7. dxc5 Qa5 8. Rc1 Rd8 9. Nd2 dxc4 10. Bxc4 Nc6 11. Qb3 e6 12. Qb5 Nd5 13. Qxa5 Nxa5 14. Bxd5 exd5 15. Bc7 Nc6 16. Bxd8 Nxd8 17. 0-0 Ne6 18. Nxd5 Bxb2 19. Rb1 Bg7 20. Ne7+ Kf8 21. Nxc8 Rxc8 22. Rxb7 a5 23. Rc1 Nxc5 24. Ne4 1-0

[Event "Plunge op-A 39th"]
[Site "Plateliai"]
[Date "2019.07.16"]
[Round "2"]
[White "Greicius, Pijus"]
[Black "Skierus, Algimantas"]
[Result "1/2-1/2"]
[WhiteElo "1683"]
[BlackElo "1910"]
[PlyCount "25"]
[EventDate "2019.07.15"]
[EventType "swiss"]
[EventRounds "9"]
[EventCountry "LTU"]
[SourceTitle "CBM 191 Extra"]
[Source "ChessBase"]
[SourceDate "2019.09.30"]
[SourceVersion "1"]
[SourceVersionDate "2019.09.30"]
[SourceQuality "1"]

1. d4 Nf6 2. Nf3 g6 3. Bf4 Bg7 4. c3 0-0 5. h3 d5 6. e3 c5 7. Bd3 Nc6 8. 0-0 Qb6 9. Qb3 c4 10. Qxb6 axb6 11. Bc2 b5 12. Nbd2 b4 13. e4 1/2-1/2

[Event "Plunge City-ch"]
[Site "Plunge"]
[Date "2018.01.??"]
[Round "3.2"]
[White "Griciute, Rosita"]
[Black "Skierus, Algimantas"]
[Result "0-1"]
[WhiteElo "1651"]
[BlackElo "1894"]
[PlyCount "88"]
[EventDate "2018.01.21"]
[EventType "swiss"]
[EventRounds "7"]
[EventCountry "LTU"]
[SourceTitle "EXT 2024"]
[Source "ChessBase"]
[SourceDate "2023.10.10"]
[SourceVersion "1"]
[SourceVersionDate "2023.10.10"]
[SourceQuality "1"]

1. e4 c5 2. Nf3 d6 3. d4 cxd4 4. Nxd4 Nc6 5. Nc3 Qc7 6. Nb3 Nf6 7. Bd3 a6 8. 0-0 b5 9. a3 Bb7 10. Re1 e6 11. Bg5 Rb8 12. Bf1 Be7 13. Nd4 0-0 14. Rb1 h6 15. Nxc6 Bxc6 16. Bf4 Rbd8 17. Qe2 Qb7 18. e5 dxe5 19. Bxe5 Rd7 20. Rbd1 Rfd8 21. Rxd7 Rxd7 22. h3 Nd5 23. Nxd5 Rxd5 24. Rd1 Qd7 25. Rxd5 Qxd5 26. Bc3 Qa2 27. Qg4 Bf8 28. Qd1 Bd5 29. Qe1 Bc4 30. Bxc4 Qxc4 31. Qe5 Kh7 32. Qd4 Qe2 33. Qd2 Qe4 34. Qd1 Bc5 35. Qd2 Qf5 36. Qe2 h5 37. Qe5 Bxf2+ 38. Kh1 Qxe5 39. Bxe5 h4 40. Bd6 Kg6 41. b3 Kf5 42. c4 bxc4 43. bxc4 Ke4 44. Be7 Kd4 0-1

[Event "Plunge City-ch"]
[Site "Plunge"]
[Date "2016.01.17"]
[Round "7.4"]
[White "Skierus, Algimantas"]
[Black "Jurcius, Modestas"]
[Result "1-0"]
[WhiteElo "1925"]
[BlackElo "1479"]
[PlyCount "63"]
[EventDate "2016.01.17"]
[EventType "swiss"]
[EventRounds "9"]
[EventCountry "LTU"]
[SourceTitle "EXT 2024"]
[Source "ChessBase"]
[SourceDate "2023.10.10"]
[SourceVersion "1"]
[SourceVersionDate "2023.10.10"]
[SourceQuality "1"]

1. d4 d5 2. Nf3 Nf6 3. c4 e6 4. g3 g6 5. Bg2 Bg7 6. 0-0 0-0 7. Qc2 dxc4 8. Qxc4 c6 9. Nc3 Nbd7 10. e4 Nb6 11. Qe2 Qc7 12. Bf4 Qe7 13. Rfd1 Nh5 14. Be3 f5 15. Ne5 Qc7 16. exf5 exf5 17. Rac1 f4 18. Bd2 fxg3 19. hxg3 Re8 20. Nd5 Qd6 21. Bb4 Qd8 22. Ne3 Bxe5 23. dxe5 Qg5 24. Bc3 Be6 25. b3 Rad8 26. Bb2 Nd7 27. Rd6 Bd5 28. Nxd5 cxd5 29. Bxd5+ Kg7 30. Rc7 Re7 31. e6+ Kh6 32. Bc1 1-0

[Event "Plunge City-ch"]
[Site "Plunge"]
[Date "2016.01.17"]
[Round "3.3"]
[White "Skierus, Algimantas"]
[Black "Kurmis, Edvinas"]
[Result "0-1"]
[WhiteElo "1925"]
[BlackElo "1348"]
[PlyCount "82"]
[EventDate "2016.01.17"]
[EventType "swiss"]
[EventRounds "9"]
[EventCountry "LTU"]
[SourceTitle "EXT 2024"]
[Source "ChessBase"]
[SourceDate "2023.10.10"]
[SourceVersion "1"]
[SourceVersionDate "2023.10.10"]
[SourceQuality "1"]

1. d4 d5 2. c4 e6 3. g3 Nf6 4. Bg2 c6 5. Nf3 Nbd7 6. Qc2 Bd6 7. 0-0 h6 8. Nc3 0-0 9. e4 Bb4 10. e5 Nh7 11. a3 Bxc3 12. Qxc3 Re8 13. Be3 Nb6 14. b3 Bd7 15. c5 Nc8 16. b4 Ne7 17. Rfb1 b5 18. cxb6 axb6 19. a4 Qc8 20. Bf1 Nf5 21. Bf4 Rd8 22. Bd3 Ne7 23. Qc2 Nf8 24. Rc1 Nfg6 25. Bd2 Be8 26. b5 cxb5 27. Qb2 Qb7 28. Bxb5 Bxb5 29. Qxb5 Qa6 30. Qb3 Rdc8 31. Rcb1 Rab8 32. Bb4 Nc6 33. Bd6 Na5 34. Qb5 Qxb5 35. Rxb5 Rb7 36. Rab1 Nc4 37. a5 Rc6 38. Bc5 Nf8 39. Bxb6 Na3 40. a6 Nxb5 41. axb7 Rxb6 0-1

[Event "Plunge City-ch"]
[Site "Plunge"]
[Date "2016.01.17"]
[Round "4.6"]
[White "Valauskas, Juozas"]
[Black "Skierus, Algimantas"]
[Result "0-1"]
[WhiteElo "1833"]
[BlackElo "1925"]
[PlyCount "55"]
[EventDate "2016.01.17"]
[EventType "swiss"]
[EventRounds "9"]
[EventCountry "LTU"]
[SourceTitle "EXT 2024"]
[Source "ChessBase"]
[SourceDate "2023.10.10"]
[SourceVersion "1"]
[SourceVersionDate "2023.10.10"]
[SourceQuality "1"]

1. e4 e5 2. Nf3 d6 3. d4 exd4 4. Nxd4 Nf6 5. Nc3 g6 6. Bc4 Bg7 7. 0-0 0-0 8. Kh1 Nc6 9. Be3 Ng4 10. Nxc6 bxc6 11. Qd2 Nxe3 12. Qxe3 Qe7 13. a3 Re8 14. b4 Qe5 15. Ne2 d5 16. Bd3 dxe4 17. Bc4 Be6 18. Bxe6 Qxe6 19. Rab1 Qc4 20. Rfc1 f5 21. Qb3 Qd5 22. Rd1 Qxb3 23. Rxb3 Red8 24. Rxd8+ Rxd8 25. g3 Rd2 26. Re3 Bh6 27. Nf4 Rxc2 28. Kg1 0-1

[Event "Plunge op 34th"]
[Site "Plateliai"]
[Date "2014.07.18"]
[Round "7"]
[White "Balciunaite, Gabija"]
[Black "Skierus, Algimantas"]
[Result "0-1"]
[WhiteElo "1566"]
[BlackElo "1917"]
[PlyCount "85"]
[EventDate "2014.07.14"]
[EventType "swiss"]
[EventRounds "9"]
[EventCountry "LTU"]
[SourceTitle "EXT 2015"]
[Source "ChessBase"]
[SourceDate "2014.11.20"]
[SourceVersion "1"]
[SourceVersionDate "2014.11.20"]
[SourceQuality "1"]

1. d4 Nf6 2. c4 g6 3. Nc3 d5 4. Nf3 Bg7 5. Bg5 Ne4 6. cxd5 Nxg5 7. Nxg5 e6 8. Nf3 exd5 9. e3 0-0 10. Bd3 c5 11. 0-0 cxd4 12. Nxd4 Nc6 13. Nce2 Qb6 14. Bc2 Qxb2 15. Bb3 Rd8 16. Rc1 Nxd4 17. Nxd4 Be6 18. Rc7 Bxd4 19. Qxd4 Qxd4 20. exd4 Rab8 21. Rfc1 Kf8 22. g3 Ke8 23. a4 Rd7 24. a5 Rxc7 25. Rxc7 Kd8 26. Rc5 b6 27. axb6 axb6 28. Rb5 Kc7 29. Bxd5 Bxd5 30. Rxd5 Kc6 31. Re5 b5 32. Kf1 b4 33. Ke2 b3 34. Rc5+ Kd6 35. Rc1 Kd5 36. Kd3 b2 37. Rb1 g5 38. Kc2 Kxd4 39. Rd1+ Ke4 40. Kb1 Rb7 41. g4 Kf4 42. h3 Kf3 43. Rd2 0-1

[Event "Plunge op 34th"]
[Site "Plateliai"]
[Date "2014.07.17"]
[Round "6"]
[White "Skierus, Algimantas"]
[Black "Juknis, Paulius"]
[Result "0-1"]
[WhiteElo "1917"]
[BlackElo "2161"]
[PlyCount "94"]
[EventDate "2014.07.14"]
[EventType "swiss"]
[EventRounds "9"]
[EventCountry "LTU"]
[SourceTitle "EXT 2015"]
[Source "ChessBase"]
[SourceDate "2014.11.20"]
[SourceVersion "1"]
[SourceVersionDate "2014.11.20"]
[SourceQuality "1"]

1. d4 d5 2. Nf3 Nf6 3. c4 dxc4 4. e3 Bg4 5. Bxc4 e6 6. Qb3 Bxf3 7. gxf3 Nbd7 8. Nc3 Nb6 9. Be2 c6 10. Bd2 Be7 11. Ne4 Qd5 12. Qc2 g6 13. Nc5 Rb8 14. b4 0-0 15. Bc3 Qd8 16. a3 Nbd7 17. Rd1 b6 18. Nxd7 Qxd7 19. h4 h5 20. e4 Qc7 21. Bb2 a5 22. d5 exd5 23. exd5 Rfd8 24. f4 Qxf4 25. Rd4 Qe5 26. Rd2 Qe4 27. Rg1 Qxc2 28. Rxc2 cxd5 29. Rc7 Kf8 30. f4 axb4 31. axb4 Bxb4+ 32. Kf1 Ne8 33. Ra7 Ng7 34. Bxg7+ Kxg7 35. Bxh5 Kf6 36. Bd1 Rh8 37. Rg4 Rbd8 38. Bc2 Bc5 39. f5 gxf5 40. Rf4 Rh5 41. Bd1 Ke5 42. Bxh5 Kxf4 43. Bxf7 d4 44. h5 d3 45. Ke1 Kg5 46. Bg6 Bb4+ 47. Kd1 Rd4 0-1

[Event "Plateliai op 23rd"]
[Site "Plateliai"]
[Date "2013.07.19"]
[Round "7"]
[White "Skierus, Algimantas"]
[Black "Vaitkevicius, Paulius"]
[Result "0-1"]
[WhiteElo "1944"]
[BlackElo "1748"]
[PlyCount "68"]
[EventDate "2013.07.15"]
[EventType "swiss"]
[EventRounds "9"]
[EventCountry "LTU"]
[SourceTitle "EXT 2014"]
[Source "ChessBase"]
[SourceDate "2013.11.20"]
[SourceVersion "1"]
[SourceVersionDate "2013.11.20"]
[SourceQuality "1"]

1. d4 Nf6 2. c4 e5 3. dxe5 Ng4 4. Nf3 Bc5 5. e3 Nc6 6. a3 a5 7. Be2 0-0 8. 0-0 Ncxe5 9. Nxe5 Nxe5 10. b3 Qf6 11. Ra2 b6 12. Nc3 Bb7 13. Nd5 Bxd5 14. Qxd5 Qe6 15. Qd1 Rad8 16. Kh1 d5 17. Rd2 c6 18. cxd5 Rxd5 19. Rxd5 cxd5 20. f4 Nc6 21. f5 Qe5 22. f6 Bxe3 23. fxg7 Rd8 24. Bh5 f5 25. Bxe3 Qxe3 26. Rxf5 Nd4 27. Bf7+ Kxg7 28. Qg4+ Kh8 29. Rf1 Rf8 30. h4 Ne2 31. Kh2 Rxf7 32. Qc8+ Kg7 33. Qg4+ Kh6 34. g3 Rf2+ 0-1

[Event "Plateliai op 23rd"]
[Site "Plateliai"]
[Date "2013.07.18"]
[Round "5"]
[White "Skierus, Algimantas"]
[Black "Narmontas, Raimondas"]
[Result "0-1"]
[WhiteElo "1944"]
[BlackElo "2076"]
[PlyCount "56"]
[EventDate "2013.07.15"]
[EventType "swiss"]
[EventRounds "9"]
[EventCountry "LTU"]
[SourceTitle "EXT 2014"]
[Source "ChessBase"]
[SourceDate "2013.11.20"]
[SourceVersion "1"]
[SourceVersionDate "2013.11.20"]
[SourceQuality "1"]

1. Nf3 d6 2. d4 Bg4 3. h3 Bh5 4. Bf4 Nd7 5. Nbd2 c6 6. c3 Ngf6 7. Qb3 Qc7 8. g4 Bg6 9. Nh4 e5 10. Nxg6 hxg6 11. dxe5 dxe5 12. Bh2 Nc5 13. Qc2 Ne6 14. 0-0-0 b5 15. Bg2 Rb8 16. e3 Rb6 17. Bg3 Ra6 18. a3 c5 19. g5 Nd7 20. f4 c4 21. Be4 Qa5 22. Bxg6 fxg6 23. Qxg6+ Kd8 24. Ne4 Nd4 25. Qf7 Bxa3 26. exd4 Bxb2+ 27. Kd2 exd4 28. Qxg7 Bxc3+ 0-1

[Event "Plateliai op 23rd"]
[Site "Plateliai"]
[Date "2013.07.16"]
[Round "2"]
[White "Kalvaitis, Sigitas"]
[Black "Skierus, Algimantas"]
[Result "1-0"]
[WhiteElo "2246"]
[BlackElo "1944"]
[PlyCount "55"]
[EventDate "2013.07.15"]
[EventType "swiss"]
[EventRounds "9"]
[EventCountry "LTU"]
[SourceTitle "EXT 2014"]
[Source "ChessBase"]
[SourceDate "2013.11.20"]
[SourceVersion "1"]
[SourceVersionDate "2013.11.20"]
[SourceQuality "1"]

1. e4 c5 2. Nf3 d6 3. Bb5+ Bd7 4. Bxd7+ Qxd7 5. 0-0 Nf6 6. e5 dxe5 7. Nxe5 Qc7 8. d4 cxd4 9. Bf4 Qb6 10. Nd2 Nc6 11. Ndc4 Qc5 12. Re1 Nxe5 13. Nxe5 e6 14. c3 dxc3 15. bxc3 Be7 16. Rb1 0-0 17. Rxb7 Rfd8 18. Qf3 Nd5 19. Bc1 f6 20. Ng4 Bf8 21. Qe4 Re8 22. Be3 Qxc3 23. Bd4 Qc8 24. Nxf6+ Nxf6 25. Bxf6 Rb8 26. Rxa7 Qc5 27. Bd4 Qc4 28. Qe5 1-0

[Event "Plunge op 32nd"]
[Site "Plunge"]
[Date "2012.07.19"]
[Round "6"]
[White "Skierus, Algimantas"]
[Black "Bucinskas, Lukas"]
[Result "1-0"]
[WhiteElo "1937"]
[BlackElo "1746"]
[PlyCount "107"]
[EventDate "2012.07.16"]
[EventType "swiss"]
[EventRounds "9"]
[EventCountry "LTU"]
[SourceTitle "EXT 2013"]
[Source "ChessBase"]
[SourceDate "2012.11.22"]
[SourceVersion "1"]
[SourceVersionDate "2012.11.22"]
[SourceQuality "1"]

1. d4 Nf6 2. c4 e5 3. dxe5 Ng4 4. Bf4 Nc6 5. Nf3 Qe7 6. Qd5 Nb4 7. Qd2 Nc6 8. Qc3 Qe6 9. a3 g6 10. h3 Nh6 11. Ng5 Qe7 12. Ne4 Ng8 13. Nf6+ Nxf6 14. exf6 Qe4 15. Bxc7 Bc5 16. Nd2 Qe6 17. Nb3 Bd6 18. Bxd6 Qxd6 19. Qe3+ Qe6 20. Qxe6+ fxe6 21. g4 Kf7 22. g5 h6 23. f4 hxg5 24. fxg5 d5 25. Rc1 Rh4 26. Nd2 d4 27. Bg2 e5 28. Ne4 Bf5 29. Nd6+ Ke6 30. Nxb7 e4 31. Nc5+ Kd6 32. b4 a5 33. Nb3 axb4 34. axb4 Ra3 35. c5+ Kd5 36. b5 Rxb3 37. bxc6 Kxc6 38. Kf2 Rf4+ 39. Ke1 Be6 40. Rf1 Rxf1+ 41. Kxf1 Kd5 42. c6 Rb8 43. Kf2 Rc8 44. Kg3 Ke5 45. h4 Rc7 46. Bh3 Bb3 47. Bg4 d3 48. exd3 exd3 49. Bd1 d2 50. Rb1 Ba2 51. Rb2 Bd5 52. Rxd2 Rxc6 53. Re2+ Kd6 54. Re7 1-0

[Event "Plunge op 32nd"]
[Site "Plunge"]
[Date "2012.07.17"]
[Round "2"]
[White "Skierus, Algimantas"]
[Black "Setkauskas, Vaidas"]
[Result "0-1"]
[WhiteElo "1937"]
[BlackElo "2181"]
[PlyCount "88"]
[EventDate "2012.07.16"]
[EventType "swiss"]
[EventRounds "9"]
[EventCountry "LTU"]
[SourceTitle "EXT 2013"]
[Source "ChessBase"]
[SourceDate "2012.11.22"]
[SourceVersion "1"]
[SourceVersionDate "2012.11.22"]
[SourceQuality "1"]

1. Nf3 d5 2. d4 Nf6 3. c4 c6 4. Qc2 g6 5. e3 Bg7 6. Nc3 0-0 7. Bd3 Be6 8. Ng5 dxc4 9. Nxe6 cxd3 10. Nxd8 dxc2 11. Nxb7 Na6 12. Na4 Nd7 13. Bd2 c5 14. Bc3 cxd4 15. exd4 Rab8 16. Nbc5 Ndxc5 17. Nxc5 Nxc5 18. dxc5 Bxc3+ 19. bxc3 Rfc8 20. Kd2 Rxc5 21. Rhc1 Re5 22. c4 Rg5 23. g3 Rf5 24. f4 Rh5 25. h4 e5 26. fxe5 Rxe5 27. Kxc2 Re3 28. c5 Rc8 29. Kd2 Rxg3 30. c6 Rf3 31. c7 Rf6 32. Rab1 Rb6 33. Rxb6 axb6 34. Kd3 Kf8 35. Kd4 Ke7 36. Kd5 Kd7 37. Ke5 Rxc7 38. Rb1 Rc6 39. Rf1 Ke7 40. Rf4 Rc5+ 41. Kd4 Ra5 42. Re4+ Kd7 43. Re2 Ra4+ 44. Ke5 Rxh4 0-1

[Event "Plunge op 30th"]
[Site "Plunge"]
[Date "2010.07.25"]
[Round "7"]
[White "Barsciauskas, Gintautas"]
[Black "Skierus, Algimantas"]
[Result "0-1"]
[WhiteElo "1875"]
[BlackElo "1937"]
[PlyCount "68"]
[EventDate "2010.07.21"]
[EventType "swiss"]
[EventRounds "7"]
[EventCountry "LTU"]
[SourceTitle "EXT 2012"]
[Source "ChessBase"]
[SourceDate "2011.11.24"]
[SourceVersion "1"]
[SourceVersionDate "2011.11.24"]
[SourceQuality "1"]

1. d4 Nf6 2. c4 g6 3. Nc3 d5 4. e3 Bg7 5. Nf3 0-0 6. Be2 c5 7. 0-0 cxd4 8. Nxd4 dxc4 9. Bxc4 Nbd7 10. Bd2 e5 11. Nde2 Nc5 12. Ng3 a6 13. e4 b5 14. Be2 Bb7 15. f3 Qd4+ 16. Kh1 b4 17. Nb1 Qxb2 18. Qc1 Qxa1 19. Qxc5 Qd4 20. Qxb4 Qxb4 21. Bxb4 Rfc8 22. Bd3 Rd8 23. Bc2 a5 24. Bc3 Rdc8 25. Bd3 Ba6 26. Bxa6 Rxa6 27. Bxe5 Nxe4 28. Nxe4 Bxe5 29. f4 Bxf4 30. g3 Rc1 31. Kg2 Rxf1 32. Kxf1 Rc6 33. Nbc3 Be5 34. Ne2 Rc2 0-1

[Event "Plunge op 30th"]
[Site "Plunge"]
[Date "2010.07.24"]
[Round "6"]
[White "Skierus, Algimantas"]
[Black "Jonkus, Lukas"]
[Result "1/2-1/2"]
[WhiteElo "1937"]
[BlackElo "1807"]
[PlyCount "69"]
[EventDate "2010.07.21"]
[EventType "swiss"]
[EventRounds "7"]
[EventCountry "LTU"]
[SourceTitle "EXT 2012"]
[Source "ChessBase"]
[SourceDate "2011.11.24"]
[SourceVersion "1"]
[SourceVersionDate "2011.11.24"]
[SourceQuality "1"]

1. d4 d5 2. c4 e6 3. Nf3 Nf6 4. g3 Be7 5. Bg2 0-0 6. 0-0 dxc4 7. Qc2 a6 8. Qxc4 b5 9. Qc2 Bb7 10. Bd2 Be4 11. Qc1 Nbd7 12. Nc3 Bb7 13. Rd1 Rc8 14. Be1 Qe8 15. Ne5 Bxg2 16. Nxd7 Qxd7 17. Kxg2 c5 18. dxc5 Qc6+ 19. Kg1 Bxc5 20. a3 Qb6 21. Qf4 Rfd8 22. e4 Bd4 23. e5 Bxc3 24. Bxc3 Nd5 25. Bd4 Qb7 26. Qe4 Rd7 27. Rac1 Rdc7 28. Rxc7 Qxc7 29. Qb1 h6 30. Rd2 Qc4 31. Qd1 Qc6 32. Ba7 Qc7 33. Bd4 Qc6 34. Ba7 Qc7 35. Bd4 1/2-1/2

[Event "Plunge-ch"]
[Site "Plunge"]
[Date "2009.01.18"]
[Round "3"]
[White "Setkauskas, Vaidas"]
[Black "Skierus, Algimantas"]
[Result "1-0"]
[WhiteElo "2065"]
[BlackElo "1923"]
[PlyCount "61"]
[EventDate "2008.12.21"]
[EventType "swiss"]
[EventRounds "9"]
[EventCountry "LTU"]
[SourceTitle "EXT 2012"]
[Source "ChessBase"]
[SourceDate "2011.11.24"]
[SourceVersion "1"]
[SourceVersionDate "2011.11.24"]
[SourceQuality "1"]

1. e4 c5 2. Nf3 d6 3. d4 cxd4 4. Nxd4 Nf6 5. Nc3 g6 6. Be3 Bg7 7. f3 Nc6 8. Qd2 0-0 9. 0-0-0 Bd7 10. g4 Rb8 11. h4 Qa5 12. Nb3 Qc7 13. h5 Ne5 14. Nd4 b5 15. hxg6 fxg6 16. Bh6 Bxh6 17. Qxh6 Nf7 18. Qh4 g5 19. Qh2 e6 20. f4 b4 21. fxg5 Nxg5 22. Ncb5 Bxb5 23. Nxb5 Qc5 24. Nxd6 Nxg4 25. Qg1 Ne3 26. Nc4 Rf3 27. e5 h6 28. Rxh6 Rf5 29. Bd3 Rxe5 30. Nxe5 Qxe5 31. Rg6+ 1-0

[Event "Plunge-ch"]
[Site "Plunge"]
[Date "2008.02.10"]
[Round "4.5"]
[White "Zalimaite, Ieva"]
[Black "Skierus, Algimantas"]
[Result "1/2-1/2"]
[WhiteElo "1889"]
[BlackElo "2022"]
[PlyCount "46"]
[EventDate "2008.01.20"]
[EventType "tourn"]
[EventRounds "11"]
[EventCountry "LTU"]
[SourceTitle "EXT 2023"]
[Source "ChessBase"]
[SourceDate "2022.10.05"]
[SourceVersion "1"]
[SourceVersionDate "2022.10.05"]
[SourceQuality "1"]

1. c4 Nf6 2. g3 g6 3. Bg2 Bg7 4. Nc3 0-0 5. d3 c6 6. Nf3 d5 7. 0-0 dxc4 8. dxc4 Be6 9. Qa4 Nbd7 10. Ng5 Nb6 11. Nxe6 Nxa4 12. Nxd8 Nxc3 13. Nxb7 Nxe2+ 14. Kh1 Nxc1 15. Raxc1 Rac8 16. Na5 c5 17. Nc6 Rc7 18. Rcd1 Ng4 19. b3 Re8 20. h3 Nh6 21. Rfe1 e6 22. Ne5 Nf5 23. Bf3 Nd4 1/2-1/2

[Event "Plunge-ch"]
[Site "Plunge"]
[Date "2008.01.27"]
[Round "2.4"]
[White "Vasylius, Kestutis"]
[Black "Skierus, Algimantas"]
[Result "1-0"]
[WhiteElo "2070"]
[BlackElo "2022"]
[PlyCount "49"]
[EventDate "2008.01.20"]
[EventType "tourn"]
[EventRounds "11"]
[EventCountry "LTU"]
[SourceTitle "EXT 2023"]
[Source "ChessBase"]
[SourceDate "2022.10.05"]
[SourceVersion "1"]
[SourceVersionDate "2022.10.05"]
[SourceQuality "1"]

1. e4 g6 2. d4 Bg7 3. Nf3 c6 4. Nc3 d5 5. e5 Bg4 6. h3 Bxf3 7. Qxf3 Qb6 8. Qg4 e6 9. Bd3 Nh6 10. Qh4 Nf5 11. Bxf5 exf5 12. Ne2 Na6 13. c3 Nc7 14. Rb1 Ne6 15. b4 Qa6 16. Rb2 Qc4 17. 0-0 Bxe5 18. g4 Bd6 19. Qf6 Rg8 20. Nf4 Be7 21. Qe5 Nxf4 22. Bxf4 f6 23. Qe6 Rg7 24. Bd6 Qd3 25. Re1 1-0